Statistics for Biggest U.S. States that Touch the Sea

Click here to take the quiz!

General Stats

  • This quiz has been taken 27 times
  • The average score is 9 of 10

Answer Stats

mi2State% Correct
665,384Alaska
96%
65,758Florida
96%
98,379Oregon
96%
268,596Texas
96%
71,298Washington
96%
163,695California
91%
54,555New York
87%
53,819North Carolina
87%
59,425Georgia
83%
52,420Alabama
78%

Score Distribution

Percentile by Number Answered

Percent of People with Each Score

Your Score History

You have not taken this quiz